NBA G League Team Logos - Statistics

General Stats
  • This quiz has been taken 139 times
    76 since last reset
  • The average score is 10 of 31
Answer Stats
Picture Answer % Correct
Stockton Kings
92%
Salt Lake City Stars
61%
Windy City Bulls
59%
Austin Spurs
57%
Santa Cruz Warriors
57%
Iowa Wolves
53%
Westchester Knicks
51%
San Diego Clippers
45%
Osceola Magic
43%
Valley Suns
41%
Wisconsin Herd
41%
South Bay Lakers
37%
Maine Celtics
35%
Rio Grande Valley Vipers
35%
Greensboro Swarm
27%
Cleveland Charge
22%
Oklahoma City Blue
22%
Raptors 905
20%
Rip City Remix
20%
College Park Skyhawks
18%
Delaware Blue Coats
18%
Memphis Hustle
18%
Birmingham Squadron
16%
Capital City Go-Go
16%
Noblesville Boom
16%
Texas Legends
14%
Grand Rapids Gold
12%
Long Island Nets
12%
Motor City Cruise
12%
Sioux Falls Skyforce
12%
Mexico City Capitanes
10%
No matching quizzes found
Score Distribution
Percent of People with Each Score
Percentile by Number Answered
Your Score History
You have not taken this quiz since the last reset